Finanzas operativas: lo que todo directivo debería saber
Gespeichert in:
| 1. Verfasser: | |
|---|---|
| Format: | Buch |
| Sprache: | Spanisch |
| Veröffentlicht: |
Barcelona
Folio
1997
|
| Schriftenreihe: | Biblioteca IESE de Gestión de Empresas
|
| Schlagworte: | |
| Tags: |
Tag hinzufügen
Keine Tags, Fügen Sie den ersten Tag hinzu!
|
MARC
| LEADER | 00000nam a2200000 a 4500 | ||
|---|---|---|---|
| 001 | UCR6031 | ||
| 003 | CL-VaPUC | ||
| 008 | 980409e19970000SP |||||||||||||||||spa|d | ||
| 082 | 0 | 4 | |a 658.15 |b FAU |2 21 |
| 100 | 0 | |a Faus, Josef |e author |9 407096 | |
| 245 | 1 | 0 | |a Finanzas operativas: lo que todo directivo debería saber |
| 300 | |a 108 p | ||
| 942 | |c BK | ||
| 945 | |d 19980409 00:00:00 |a rleighto | ||
| 260 | |a Barcelona |b Folio |c 1997 | ||
| 650 | 0 | |a Finanzas |9 260832 | |
| 650 | 0 | |a Análisis financiero |9 264523 | |
| 650 | 7 | |a PLANIFICACION ECONOMICA |2 CL-VaPUC |9 321496 | |
| 650 | 7 | |a BALANCE |2 CL-VaPUC |9 352306 | |
| 650 | 7 | |a CUENTAS |2 CL-VaPUC |9 375152 | |
| 650 | 0 | |a Toma de decisiones |9 257530 | |
| 650 | 7 | |a GESTION DE RECURSOS |2 CL-VaPUC |9 358963 | |
| 650 | 0 | |a Administración de empresas |9 260833 | |
| 583 | |a last modification |c 19980409 00:00:00 |k Rodrigo Vera | ||
| 490 | 0 | |a Biblioteca IESE de Gestión de Empresas | |
| 999 | |c 268348 |d 268346 | ||
| 952 | |0 0 |1 0 |4 0 |6 658_150000000000000_FAU_1997 |7 0 |8 A |9 301418 |a BIBENE |b BIBENE |d 2019-11-20 |i 3405761 |o 658.15 FAU 1997 |p 3405761 |r 2025-01-15 |w 2019-11-20 |y BK |k ICO | ||
| 952 | |0 0 |1 0 |4 0 |6 658_150000000000000_FAU_1997 |7 0 |8 A |9 301419 |a BIBENE |b BIBENE |d 2019-11-20 |i 340577K |o 658.15 FAU 1997 |p 340577K |r 2025-01-15 |w 2019-11-20 |y BK |k ICO | ||